000 00877nam a22003257a 4500
001 BR2011001413
003 BR-BrBNA
005 20230928103619.0
007 ta
008 230509b bl.||||| |||| 00| 0 por d
040 _aBR-BrBNA
_bpor
_cBiblioteca Nacional de Agricultura
041 _a(Por)
072 _aQ02
_b9921
090 _ 9921 BR2011001413
110 1 _aEmpresa de Assistencia Técnica e Extensão Rural, Porto Alegre, RS (Brasil)
_94065
245 1 _aParreirais do pampa. Safra 2005 n. 2
260 3 _aBagé, RS (Brasil):
_c2005.
300 _a28 p.
500 _a42 illus
650 _aPARREIRA
650 _aUVA
650 _aVINHO
650 _aHISTÓRIA
650 _aBEBIDA ALCÓOLICA
650 _aREFRIGERAÇÃO
650 _aTECNOLOGIA DE ALIMENTO
650 _aINVESTIMENTO
909 _a202309
_bLucia
_c55
_dLucia Elande
942 _cBK
999 _c75819
_d75819